Financial administration (Record no. 336549)

000 -LEADER
fixed length control field 00227cam a22000977a 4500
008 - FIXED-LENGTH DATA ELEMENTS--GENERAL INFORMATION
fixed length control field 180718b xxu||||| |||| 00| 0 eng d
082 ## - DEWEY DECIMAL CLASSIFICATION NUMBER
Classification number Lx54/T33/c.2
100 ## - MAIN ENTRY--PERSONAL NAME
Personal name Thavaraj, M.J.
245 ## - TITLE STATEMENT
Title Financial administration
260 ## - PUBLICATION, DISTRIBUTION, ETC.
Place of publication, distribution, etc.
Name of publisher, distributor, etc.
Date of publication, distribution, etc.
Holdings
Withdrawn status Lost status Damaged status Not for loan Permanent Location Current Location Date acquired Full call number Barcode Date last seen Price effective from Koha item type
        Indian Institute of Public Administration Indian Institute of Public Administration 1899-12-30 Lx54/T33/c.2 11922 2018-07-21 2018-07-21 Book

Powered by Koha